000 00962nam a22002897a 4500
003 CHAP
005 20220329135658.0
008 971013s1951 r 00010 d
010 _a40440
011 _a41412
035 _a45538
040 _cCHAP
082 _a973
_bM67Y
100 0 0 _aMorison, Samuel Eliot.
_978829
245 _aHistoria de los Estados Unidos de Norteamérica
260 _aMéxico, D.F. :
_bFondo de Cultura Económica,
_c1951
300 _a3 v.
_b: ilus
590 _aBATCH-UPD
_b10
_c20130110
_lUCH01
_h1934
590 _aCONVERSION
_b10
_c20130109
_lUCH01
_h1322
650 1 4 _aE.U.A.
_xHistoria.
_934843
700 0 _aCommager, Henry Steele.
_925931
901 _aBK
942 _cLIBRO
949 _a973 M67Y
_bBC
_cLIBRO
_d33724000139697
_eLIBRO
_fv.3
_h25916
_i45538
_mD
_si
949 _a973 M67Y
_bBC
_cLIBRO
_d33724000139705
_eLIBRO
_fv.2
_h25915
_i45538
_mD
_si
949 _a973 M67Y
_bBC
_cLIBRO
_d33724000139713
_eLIBRO
_fv.1
_h25914
_i45538
_mD
_si
999 _c40440
_d40440